000 00309nam a22001337a 4500
008 170925b xxu||||| |||| 00| 0 eng d
020 _a9780787957797
041 _aeng
080 _a37
100 _a46
101 _aEDU
245 _aTRANSFER STUDENTS TRENDS AND ISSUES
_cLAMAN.S
942 _2udc
_cBK
999 _c29606
_d29606